Statistics for Real and Fictious Locations by Letter A

Click here to take the quiz!

General Stats

  • This quiz has been taken 753 times
  • The average score is 6 of 15

Answer Stats

HintAnswer% Correct
Largest ContinentAsia
92%
Cold ContinentAntarctica
85%
Site of a famous battle in Texan historyAlamo
80%
The leader of Al-Qaeda hid hereAfghanistan
61%
Closest Galaxy to the Milky WayAndromeda
58%
Gotham's Asylum for the Criminally InsaneArkham Asylum
44%
Home of the Norse GodsAsgard
44%
The city in the first season of The Walking DeadAtlanta
38%
Home of AquamanAtlantis
35%
"Took a wrong turn at..."Albuquerque
12%
The Witch King founded this realmAngmar
10%
Town in King of the HillArlen
7%
Base of Earth's Mightiest HeroesAvengers Tower
5%
Cage the Elephant did a song about this cityAberdeen
4%
Home of Marvel's InhumansAttilan
1%

Score Distribution

Percentile by Number Answered

Percent of People with Each Score

Your Score History

You have not taken this quiz